[Event "Sigeman & Co 07th"]
[Site "Malmo"]
[Date "1999.06.11"]
[Round "4"]
[White "Movsesian, Sergei"]
[Black "Gelfand, Boris"]
[Result "0-1"]
[WhiteElo "2650"]
[BlackElo "2690"]
[Annotator "Gelfand,B"]
[PlyCount "82"]
[EventDate "1999.06.??"]
[EventType "tourn"]
[EventRounds "9"]
[EventCountry "SWE"]
[EventCategory "14"]
[SourceTitle "CBM 072"]
[Source "ChessBase"]
[SourceDate "1999.10.01"]
[SourceVersion "1"]
[SourceVersionDate "1999.10.01"]
[SourceQuality "1"]

{[%mdl 2]} 1. e4 c5 2. Nf3 d6 3. d4 cxd4 4. Nxd4 Nf6 5. Nc3 a6 6. Be3 e5 7. Nb3
Be6 8. f3 h5 9. Qd2 Nbd7 10. a4 Nb6 $146 {One of the most logical responds, in
my opinion. White didn't castle yet, so Black are trying to copmplicate this
task. I have to admit that I was also impressed by the way Matthew Sadler -
the main protagonist of h7-h5 idea treated this position.} (10... Rc8 11. a5
Be7 12. Be2 h4 13. O-O g6 14. Nd5 Bxd5 15. exd5 Kf8 16. c4 Nh5 17. Rfd1 Kg7 18.
c5 dxc5 19. d6 Bf6 20. Bc4 Nf4 21. Qc2 Bg5 {A-A Nijboer,F-Sadler,M/Sonsbeek
SNS 1999 (113)}) (10... Be7 11. Be2 $5 (11. a5 O-O 12. Be2 Rc8 13. O-O (13. Nd5
$5 Nxd5 14. exd5 Bf5 15. c4 $13) 13... Nc5 14. Nxc5 dxc5 15. Qe1 c4 16. Kh1 Nd7
17. Na4 Bd6 {A-A Bologan,V-Sakaev,K/St.Petersburg 1995/CBM 46 ext (17)}) 11...
Nb6 12. O-O Nc4 13. Bxc4 Bxc4 14. Rfd1 O-O 15. Bg5 Bxb3 $6 (15... Qb6+ {
Atlas,V deserved serious attention here:} 16. Kh1 (16. Qf2 Qxf2+ 17. Kxf2 Ng4+)
16... Rfd8 17. Bxf6 Bxf6 18. Nd5 Bxd5 19. Qxd5 Bg5 $1 $132) 16. Bxf6 Bxf6 17.
cxb3 Qb6+ 18. Kh1 Qxb3 19. Nd5 Rfc8 20. Nxf6+ gxf6 21. Qh6 {Morozevich- Van
Wely 98/99,Pamplona}) (10... Qc7 $5 11. Be2 Nc5 12. Nc1 Qb6 13. Nd3 Nxd3+ 14.
cxd3 Qb4 15. d4 $1 exd4 16. Bxd4 Be7 17. a5 $1 {[%csl Rb4][%cal Ga1a4,Ga4b4,
Gb4b3,Ge2d1,Gd1b3]} Bb3 18. Na4 $1 {[%cal Ga4b6]} Qxd2+ 19. Kxd2 $14 {De la
Villa Garcia,J-Van Wely,98/99,Pamplona}) 11. Qf2 (11. a5 Nc4 12. Bxc4 Bxc4 13.
Na4 Rb8 14. Nb6 Be6 15. O-O-O Be7 16. Qc3 Nd7 17. Nc5 Nxc5 18. Bxc5 Qc7 19. Bb4
Qxc3 20. bxc3 Rd8 21. Rd3 Rh6 22. Rhd1 Rg6 23. g3 Rf6 24. h3 Bxh3 25. Rh1 Be6
26. Rxh5 Rh6 27. Rxh6 gxh6 28. g4 {1-0 Shirov,A-Polgar,J/Prague CZE 1999 (73)})
11... Nc4 12. Bxc4 Bxc4 13. Nd2 (13. Bb6 Qd7 14. Na5 Be6 15. O-O Be7 16. Rfd1
h4 17. Nd5 Nxd5 18. exd5 Bf5 19. c4 Rh6 20. c5 Rg6 21. Kh1 h3 22. g3 Rc8 23.
Nc4 Rf6 24. Qe3 Kf8 25. Ba7 b5 26. c6 Qc7 27. axb5 axb5 28. Bb6 Qb8 29. c7 {
1-0 Arizmendi Martinez,J-Polak,T/Olomouc CZE 1999 (44)}) 13... Be6 14. O-O {
White managed to castle, but their pieces are placed awcwardly now, so they
have to spend some moves to restore harmony.} Be7 (14... d5 15. Bb6 $1 (15.
exd5 Nxd5 16. Nxd5 Qxd5 17. Ne4 (17. Rfd1 Rd8) 17... Rd8) 15... Qd7 16. exd5
Nxd5 17. Nxd5 Qxd5 18. Rfd1 Qc6 19. Ne4 Be7 20. Bc5 $14) 15. Rfd1 Qc7 (15...
Qa5 16. Nf1 Qb4 17. Rab1) 16. Nf1 h4 $1 {Influence of Matthews! h5 square is
important for the Knight and sometimes for the Rook. Moreover, my opponent got
an impression that h4-h3 can be a threat somewhere, so he decided to prevent
it.} 17. h3 $6 (17. a5 Qc6 (17... h3 18. g4) 18. Qd2 Rc8 19. Rac1 (19. Bg5 Qc5+
20. Kh1 (20. Qe3 Qb4) (20. Be3 Qb4) 20... Nh5 21. Bxe7 $2 Ng3+ 22. Nxg3 hxg3
23. h3 Bxh3) 19... Nh5 20. Nd5 (20. Bg5 Bxg5 21. Qxg5 Nf4 22. Qxg7 Ke7 23. Qg5+
f6 24. Qg7+ Bf7) 20... Bxd5 21. exd5 Qc4 $132) (17. Rd2 $5 Qc6 (17... h3 18. g4
) 18. Rad1 Rd8 (18... b5 19. axb5 axb5 20. Bg5 b4 21. Nd5 Nxe4 22. Nxe7 Nxf2
23. Nxc6 Nxd1 24. Rxd1 b3 25. c3 f6 26. Be3 $13) 19. a5 (19. Bb6 Rd7) 19... d5
20. Bb6 Rd7 21. exd5 Nxd5 22. Nxd5 Rxd5 $11) 17... Qc6 (17... Nh5 $1 18. Nd5 (
18. f4 exf4 19. Bxf4 Nxf4 20. Qxf4 Bf6 (20... Qb6+ 21. Ne3 $13) (20... Qc5+ 21.
Kh1)) 18... Bxd5 19. Rxd5 (19. exd5 $5) 19... O-O $132 20. f4 $6 Nf6) 18. Bg5 (
18. Qd2 Rc8 19. a5 g6) 18... Ng4 {Being short of time, I offered a draw here,
but to his credit Sergey declined. Position is in my opinion very balanced. It
is easy to point d5 square for White's Knight, but another one have nothing to
do. Black Bishop on g5 is exellently placed and as we'll see later weaknesses
of White pawns would tell.} 19. fxg4 Bxg5 20. Nd5 (20. Ne3 g6 (20... Bxe3 21.
Qxe3 Qc5 22. Qxc5 dxc5 23. a5 Rc8 24. Rd6 $14) 21. Ncd5 Bxe3 22. Qxe3 (22. Nxe3
Qxe4 23. Rxd6 O-O) 22... Bxd5 23. Rxd5 Qxc2 24. Rxd6 Qxb2 25. Rf1 O-O 26. Qg5
Rac8 27. Rxg6+ fxg6 28. Qxg6+ {with perpetual check}) 20... Rc8 $1 21. c3 Qc5
22. Nfe3 g6 23. Rd3 (23. a5 $5 O-O (23... Rf8 $5) 24. Rd3 Bxd5 25. Nxd5 Qxf2+
26. Kxf2 f5 $132) 23... Bxd5 (23... O-O $5 24. b4 Qa7 25. a5 (25. Rf1 a5) 25...
Bxd5 26. Nxd5 Qxf2+ 27. Kxf2 f5 28. gxf5 gxf5 29. exf5 e4 30. Rd4 Rxf5+ 31. Ke2
Rcf8) 24. Nxd5 O-O (24... Qxf2+ 25. Kxf2 Rc4 (25... Rf8 $5) (25... O-O 26. Re1
(26. Ne3 Rc6 27. Rad1 Rd8 28. Kf3 b5 $11) (26. Kf3 f5 27. gxf5 gxf5 28. b3 (28.
exf5 Rc4 29. Ne3 Rf4+ 30. Ke2 Re4 31. Kf3 (31. Rf1 d5) 31... Rf4+ $11 (31...
Rxe3+ 32. Rxe3 Bxe3 33. Kxe3 Rxf5 34. a5 Kf7 35. Ra4 $14))) 26... f5 27. exf5
gxf5 28. gxf5 Rxf5+ 29. Rf3 Rxf3+ 30. gxf3 (30. Kxf3 Kf7) 30... Kf7 31. Rg1 (
31. f4 $5) 31... Ke6) 26. Nb6 (26. Re1 Rxa4 27. Nb6 Ra2 28. Re2 Ke7) (26. Kf3
f5) 26... Rxe4 27. Rxd6 $11) 25. Ne3 b5 26. Kh1 $2 {Just a blunder.} (26. axb5
$142 Qxb5 $5 (26... axb5 $13) 27. Rxd6 (27. Rad1 a5 $13) 27... Bxe3 28. Qxe3
Qxb2 29. Rdxa6 (29. Raxa6 Rxc3) 29... Rxc3 30. Qh6 Rg3 31. Rxg6+ $11) (26. b4
Qc6 $1 (26... Bxe3 27. Rxe3 Qb6 28. a5 Qd8 $14) 27. Nd5 bxa4) 26... bxa4 27.
Qf3 (27. Rxa4 Qb5 28. Qc2 Bxe3 29. Rxe3 Qf1+) 27... Rb8 28. Nd1 (28. Rxa4 Rxb2
(28... Qb5 29. Qd1 Qxb2 30. Nc4 $13 Qf2 31. Rxa6) 29. Rxa6 Rb1+ (29... Bxe3 30.
Qxe3 (30. Rxe3 Rb1+ 31. Kh2 Rfb8) 30... Qxe3 31. Rxe3 Rb1+ 32. Kh2 Rfb8 (32...
Rd1 33. Ra2 f5 (33... Rb8 34. g3 g5 35. gxh4 gxh4 36. Kg2 Rbb1 37. Kf2 Kg7 (
37... Rh1 $5 38. Kg2 Kg7)) 34. gxf5 gxf5 35. exf5 Rxf5 36. Re4) 33. Rxd6 Rc1
34. Rd2 Rbb1 35. g3 Rh1+ 36. Kg2 Rbg1+ 37. Kf2 $11) 30. Nd1 Rd8 31. Rd5 Bf4 $3
32. Ra2 (32. Rd3 d5 33. exd5 (33. Rxd5 Rxd5 34. exd5 Qxc3) 33... e4 $1 34. Qxe4
Qf2 35. Rxg6+ Kh8) 32... Qc4 $17) 28... Qc6 29. Rd5 Rb5 30. Qd3 Rd8 (30... Rxd5
31. exd5 Qb5 32. c4 Qb4 $17) 31. c4 (31. Ra2 Rc5 (31... Rxd5 32. exd5 Qb5 33.
c4 Qb4 34. Nc3 Rc8) 32. Nf2 Qb5) 31... Rc5 32. Ne3 {Sergey offered a draw here,
probably hoping that being less than 2 minutes left, I'll lack confidence.
White's position is lost.} Qb6 (32... Bxe3 $2 33. Qxe3 Rxc4 34. Rf1 $132 (34.
Rad1)) 33. Rxa4 Qxb2 34. Rxa6 Qc1+ 35. Nd1 (35. Nf1 Qxc4 (35... Rxc4 $5) 36.
Raxd6 Rxd6 37. Rxd6 Qxd3 38. Rxd3 Rc4 $19) 35... Qxc4 36. Raxd6 (36. Qxc4 Rxc4
37. Nf2 Be3 38. Nd3 Rxe4 39. Raxd6 Rxd6 40. Rxd6 Bd4) 36... Rxd5 $1 37. Rxd8+ (
37. Rxg6+ Kh8) 37... Rxd8 38. Qxc4 Rxd1+ 39. Kh2 Bf4+ 40. g3 hxg3+ 41. Kg2 Rd2+
0-1

[Event "Belgrade Investbank"]
[Site "Belgrade"]
[Date "1997.11.20"]
[Round "8"]
[White "Kovacevic, Aleksandar"]
[Black "Gelfand, Boris"]
[Result "0-1"]
[WhiteElo "2525"]
[BlackElo "2695"]
[Annotator "Gelfand,B"]
[PlyCount "81"]
[EventDate "1997.11.11"]
[EventType "tourn"]
[EventRounds "9"]
[EventCountry "YUG"]
[EventCategory "18"]
[SourceTitle "CBM 062"]
[Source "ChessBase"]
[SourceDate "1998.01.31"]
[SourceVersion "1"]
[SourceVersionDate "1998.01.31"]
[SourceQuality "1"]

1. e4 c5 2. Nf3 d6 3. d4 cxd4 4. Nxd4 Nf6 5. Nc3 a6 6. Be3 e5 7. Nb3 Be6 8. f3
h5 9. Qd2 Nbd7 10. O-O-O Rc8 (10... Be7 11. Nd5 (11. Kb1 O-O 12. Nd5 Nxd5 13.
exd5 Bf5 14. Bd3 Bxd3 15. Qxd3 Bg5 16. Qd2 Bxe3 17. Qxe3 Rc8 18. g4 hxg4 19.
fxg4 Qh4 20. g5 Rc4 {0-1 Cvicela,A-Debnar,L/SVK-ch (09) ;TD 93\10 1993 (30)})
11... Nxd5 12. exd5 Bf5 13. Bd3 Bxd3 14. Qxd3 Bg5 15. Kb1 Bxe3 16. Qxe3 O-O {
Kasimadzanov-Georgiev,Ki,97}) 11. Kb1 Be7 12. Nd5 (12. g3 Nb6 (12... Qc7 13. h3
(13. Nd5 Nxd5 14. exd5 Bf5 15. Bd3 Bxd3 16. Qxd3 Qc4 17. Qxc4 Rxc4 18. Na5 Rc7
19. c4 O-O 20. b4 Rb8 {1/2-1/2 McShane,Luke J-Hunt,Harriet/Ch Great Britain,
Hove (England) (7) 1997 (64)}) 13... b5 14. Rh2 (14. Qf2 Qb7 15. Na5 Qc7 16.
Nb3 Qb7 17. Na5 Qc7 {1/2-1/2 Sax,Gyula-Leko,Peter/Ch Hungary, Budapest 
(Hungary) (7) 1997}) 14... Nb6 15. Bxb6 Qxb6 16. f4 b4 17. Nd5 Nxd5 18. exd5
Bf5 19. Rc1 a5 20. g4 hxg4 21. hxg4 Rxh2 22. Qxh2 Be4 {1/2-1/2 Novgorodskij,
V-Popov,Val/St.Petersburg Petrov (04) ;CBM 52 1996 (52)}) 13. Bg5 Qc7 14. Bxf6
gxf6 15. Nd5 Nxd5 16. exd5 Bf5 17. Bd3 Bg6 18. Rhe1 f5 19. c4 Kf8 20. Rc1 Qd7
21. Qe2 Bf6 22. Qf2 {1/2-1/2 Fogarasi,T-Szekely,P/HUN tt Postás-Statisztika(04)
1996}) 12... Nxd5 (12... Bxd5 13. exd5 Nb6 14. Bxb6 $1 (14. Qa5 Nc4 15. Qxd8+
Bxd8) 14... Qxb6 15. Bd3 $16) 13. exd5 Bf5 14. Bd3 Bxd3 15. Qxd3 Bg5 $146 (
15... O-O 16. f4 $5) (15... Qc7 16. Nd2 Nc5 17. Bxc5 Qxc5 18. Rhe1 Qc7 19. f4
exf4 20. Qe4 Kf8 21. c3 Rh6 22. Qxf4 Rf6 23. Qe4 Qd7 {1/2-1/2 Wang Zili-Ye
Jiangchuan/4th ST Lee Cup, Beijing CHN (02) 1997 (47)}) 16. Rhe1 $6 (16. Bf2
O-O 17. h4 Bh6 18. g4 Bf4 19. Nd2 $14) 16... O-O 17. g3 Bxe3 18. Qxe3 (18. Rxe3
Nb6) 18... Qc7 (18... Nb6 $5) 19. c3 Nb6 20. Qg5 $6 (20. Na5 Na4) (20. Qd3 Nc4
$15) (20. f4 $5 Nc4 21. Qd3 {/\Re4} exf4 $6 22. gxf4 Rfe8 23. Nd4) 20... Nc4
21. Nd2 (21. Qxh5 Qb6 22. Re2 (22. f4 a5) (22. Re4 Qf2) 22... a5 $44) (21. Re4
Qb6 (21... Nxb2 22. Kxb2 Qxc3+ 23. Ka3 Rc5 24. Qd2 Ra5+ 25. Ra4 Rxa4+ 26. Kxa4)
22. Rh4 Qf2 23. Nd2 Ne3 24. Qxh5 f6 $17) 21... Qb6 (21... Nxb2 22. Kxb2 Qxc3+
23. Kb1 $11 Qd3+ 24. Ka1 Rc2 25. Ne4) 22. Nxc4 Rxc4 23. Qxh5 (23. Ka1 Ra4 $1 (
23... Rfc8 24. Re4)) 23... Rfc8 (23... Rxc3 24. Re4 Rfc8 25. Rh4 Kf8 26. Qh8+
Ke7 27. Qxg7 Rc2 28. Qg5+ Kd7 29. Qf5+ Ke7 30. Qg5+ $11 (30. Qxc2 Rxc2 31. Kxc2
Qf2+ 32. Rd2 Qxf3 $15)) 24. Ka1 $2 (24. Re4 $142 Rxe4 25. fxe4 Rxc3 26. Qe2 Qe3
$15) (24. Kc2 $2 Rb4 $19) 24... Ra4 $2 (24... Qa5 $1 25. Re3 (25. Qf5 Rxc3) (
25. Rd3 Ra4 26. a3 Rxa3+ 27. bxa3 Rxc3 $19) (25. Kb1 Ra4 26. a3 Rxa3 27. bxa3
Rxc3 28. Re2 Rxa3 $19) 25... R8c5 (25... Ra4 26. a3 Qb6 (26... Rxa3+ 27. bxa3
Qxa3+ 28. Kb1 $11) 27. Rdd3 $13 (27. Qf5 Rc5 28. Qd7 Rca5 29. Re2 Qb3 30. Qc8+
Kh7 31. Qf5+ Kh6 32. Rdd2 Rb5 $17)) 26. f4 (26. b4 Qa4 27. f4 Rxc3 28. bxc5 Rc2
29. a3 Qc4 $19) 26... Ra4 27. a3 Rxa3+ 28. bxa3 Qxa3+ 29. Kb1 Rb5+ 30. Kc2 Qa2+
31. Kd3 Rxd5+ 32. Ke4 Qc4+ $19) 25. Qf5 (25. Re4 Qb3 $19) 25... Rc5 26. Rd4 $1
(26. Qc2 Rca5 27. b4 Rxa2+ 28. Qxa2 Rxa2+ 29. Kxa2 Qf2+ 30. Kb3 Qxf3 $17) 26...
g6 27. Qf6 $2 (27. Qe4 $1 Rxd4 (27... exd4 28. Qe8+ Kg7 29. Re7 $18) 28. cxd4
Rc4 29. Rd1 Rxd4 (29... Kg7 30. Kb1 Rxd4 31. Rxd4 Qxd4 $2 (31... exd4) 32. Qxd4
exd4 33. Kc2 Kf6 34. Kd3 Ke5 35. f4+ Kf5 (35... Kxd5 36. g4 $18) 36. h3 $18)
30. Rxd4 exd4 31. a3 (31. Kb1 d3) 31... Qc5 32. Kb1 Qc4 $15) (27. Rg4 Rxg4 28.
Qxg4 Rxd5 $17) 27... Rxd4 28. cxd4 Rc2 29. Rb1 exd4 $19 30. h4 d3 31. h5 (31.
Re1 Qe3) 31... gxh5 32. Qg5+ Kf8 33. Qh6+ (33. Qxh5 Qd4) 33... Ke8 34. Qh8+ Ke7
35. Qxh5 Qd4 36. Qg5+ Kd7 37. Qh5 Kc7 38. Qxf7+ Kb6 39. Qf5 Ka7 40. a3 Rxb2 (
40... Re2) 41. Rxb2 (41. Qf4 Qxf4 42. gxf4 Rf2 $19) (41. Qe4 Rxb1+ 42. Kxb1
Qg1+ 43. Kb2 d2) 0-1

[Event "Albert m"]
[Site "Albert"]
[Date "2002.10.09"]
[Round "2"]
[White "Bacrot, Etienne"]
[Black "Gelfand, Boris"]
[Result "1/2-1/2"]
[WhiteElo "2653"]
[BlackElo "2704"]
[Annotator "Gelfand,B"]
[PlyCount "84"]
[EventDate "2002.10.08"]
[EventType "match"]
[EventRounds "6"]
[EventCountry "FRA"]
[SourceTitle "CBM 092"]
[Source "ChessBase"]
[SourceDate "2003.02.06"]
[SourceVersion "1"]
[SourceVersionDate "2003.02.06"]
[SourceQuality "1"]

1. e4 c5 2. Nf3 d6 3. d4 cxd4 4. Nxd4 Nf6 5. Nc3 a6 6. f3 e5 7. Nb3 Be6 8. Be3
Nbd7 9. g4 b5 10. g5 b4 11. Ne2 Nh5 12. Qd2 a5 13. Ng3 Nxg3 14. hxg3 a4 15. Nc1
Qa5 16. f4 g6 17. Nd3 Bg7 18. a3 bxa3 19. Qxa5 Rxa5 20. Rxa3 O-O (20... d5) (
20... f5 21. gxf6 Nxf6 22. Bg2 O-O 23. fxe5 Ng4 24. Bd2 Rb5 25. exd6 Bxb2 26.
Rxa4 Be5 27. Bf4 $18 {1-0 Nijboer,F-Sadvakasov,D/Amsterdam NED 2002/The Week
in Chess 404 (42)}) 21. b4 $1 $146 (21. Bg2 Rc8 22. Kd2 exf4 23. gxf4 Rb5 24.
Rb1 Nb6 25. Bxb6 Rxb6 26. Bf3 h6 27. gxh6 Bxh6 $11 {0-1 Nijboer,F-L'Ami,E/
Dieren NED 2002/The Week in Chess 403 (43)}) 21... Raa8 22. Bg2 Rab8 $1 (22...
Rfc8 23. Kd2 $16 (23. f5 Bc4)) 23. Rxa4 Rfc8 24. Kd2 (24. Kd1 exf4 25. gxf4 Rc4
$44) 24... exf4 $1 (24... Nb6 25. Bxb6 Rxb6 26. fxe5 $1 (26. Bh3 Bxh3 (26...
exf4 27. Bxe6 fxe6 28. gxf4) 27. Rxh3 Rbc6 28. Ke3 Rxc2 $132) 26... dxe5 (26...
Bxe5 27. Nxe5 dxe5 28. Bf1 Bd7 29. Ra7 Bc6 30. Bc4 Bxe4 31. Bxf7+ Kh8 32. Rh4)
27. c3 (27. Bh3 Rbc6) 27... Rd6 28. Kc2 Rcd8 (28... Bb3+ 29. Kxb3 Rxd3 30. Rc1
Rxg3 31. Bf1 Rxg5 32. Bc4 $16) 29. Rd1 Bg4 30. Rd2 Bf8 31. Ra5 $16) 25. gxf4
Nb6 26. Bxb6 Rxb6 27. Bh3 $1 (27. e5 dxe5 28. fxe5 Bf8 $44) 27... Bxh3 $1 (
27... Rbc6 28. Bxe6 Rxc2+ 29. Ke3 fxe6 30. Ra6 $16 (30. b5)) 28. Rxh3 Rbc6 29.
Kd1 (29. Ke3 Rxc2 30. Ra6 $5) (29. Ra2 Bc3+ (29... Rc4) 30. Ke3 Rc4) 29... Rc4
$6 (29... Rxc2 30. Ra8 Bd4 31. Rh2 Rxh2 32. Rxc8+ Kg7 33. b5 Be3 34. Rc2 Rh1+
35. Ke2 Rh2+ $11) 30. Re3 (30. Ra6 Rxe4 31. Rxd6 Bc3) 30... Rxc2 31. Ra8 Rxa8
32. Kxc2 Rc8+ (32... Bd4 33. Rf3 Re8 34. b5 Rxe4 (34... Rb8 35. Kb3) 35. Nb4
Bg1 36. Nd5 $5 $36) 33. Kb3 Bd4 34. Rf3 Rc3+ 35. Ka4 Kf8 36. Ne1 $1 Rc1 37. Rd3
Bf2 38. Nf3 Ke7 39. Kb5 Rc8 40. Nd4 (40. f5 Rb8+ (40... gxf5 41. exf5 f6 42.
Rd2 $5) 41. Kc4 Rc8+ 42. Kd5 Rb8) (40. Rd5 $1 Rc3 41. Nd4 (41. Nd2 Be3 42. e5 (
42. f5 Bf4) 42... dxe5 43. Nb1 Rb3 44. Kc4 Rxb1 45. Rxe5+ Kd7 46. Rxe3 h5 47.
gxh6 Rh1 $11) 41... Be3 $1 42. f5 Bxd4 43. Rxd4 Rg3 (43... gxf5 44. exf5 Rg3)
44. Kc6 gxf5 45. exf5 Rxg5 $11) 40... Kd7 41. Nf3 Ke7 42. Nd4 Kd7 1/2-1/2

[Event "Madrid"]
[Site "Madrid"]
[Date "1996.05.10"]
[Round "3"]
[White "Topalov, Veselin"]
[Black "Gelfand, Boris"]
[Result "1/2-1/2"]
[WhiteElo "2700"]
[BlackElo "2700"]
[Annotator "Gelfand,B"]
[PlyCount "40"]
[EventDate "1996.05.08"]
[EventType "tourn"]
[EventRounds "9"]
[EventCountry "ESP"]
[EventCategory "17"]
[SourceTitle "CBM 053"]
[Source "ChessBase"]
[SourceDate "1996.08.01"]
[SourceVersion "1"]
[SourceVersionDate "1996.08.01"]
[SourceQuality "1"]

1. e4 c5 2. Nf3 d6 3. d4 cxd4 4. Nxd4 Nf6 5. Nc3 a6 6. Be3 e5 7. Nb3 Be6 8. f3
Nbd7 9. g4 b5 10. g5 Nh5 $1 $146 {B.Gelfand,+A.Huzman,1993} (10... b4 11. gxf6
bxc3 12. fxg7 Bxg7 13. bxc3 Qh4+ 14. Bf2 Qf4 15. Be2 O-O 16. Rg1 Qxh2 17. Qd2
Kh8 18. Be3 Qh4+ $13 {Saltaev,M-Zagrebelniy,S,1988,Tashkent}) 11. a4 (11. Nd5
Bxd5 12. Qxd5 Be7 13. Qd2 Nf4 $13) 11... bxa4 (11... b4 12. Nd5 Bxd5 13. Qxd5
Be7 14. Na5 $1 $16) 12. Rxa4 Be7 13. Nd5 (13. Qd2 $5) 13... Bxg5 $5 (13... Bxd5
14. Qxd5 O-O 15. Qd2 Nf4 16. h4 Nb6 17. Rxa6 Rxa6 18. Bxa6 d5 19. O-O $14) (
13... O-O $5 14. Qd2 Bxd5 15. exd5 Nf4 (15... f5 $5) 16. Bxf4 exf4 17. h4 $13)
14. Bxg5 Qxg5 15. Nc7+ Ke7 16. Nxa8 Qh4+ (16... Rxa8 17. Qd2 Nf4 18. Nc1 $14)
17. Kd2 Qg5+ (17... Qf4+ $5 18. Ke2 $1 (18. Ke1 Rxa8 19. Nc1 Qh4+ 20. Kd2 Ng3
$17) 18... Rxa8 19. Qd2 Qh4 (19... Qf6 20. Qe3 $13) (19... Nb6 20. Rb4 Bc4+ 21.
Kf2 Qh4+ 22. Kg1 Bxf1 23. Rxb6 $16) (19... Rb8 20. Rxa6) 20. Kd1 $14) (17...
Rc8 $5 18. c4 Rxa8 19. Qe1) (17... Rxa8 18. Qe1 Qg5+ 19. Qe3 Nf4 $13 20. Nc1
$14) 18. Ke1 (18. Kc3 Qe3+ (18... Rc8+ 19. Kb4 Bxb3 20. Rxa6 $13 (20. cxb3 Qe3)
) (18... Bxb3 19. cxb3 Qe3+ 20. Kc2) 19. Qd3 Rc8+ 20. Kb4 Qe1+ 21. Qd2 Rb8+ 22.
Kc3 Rc8+ 23. Kb4 $10) 18... Qh4+ 19. Kd2 Qg5+ 20. Ke1 Qh4+ 1/2-1/2

[Event "Vienna Millenium"]
[Site "Vienna"]
[Date "1996.08.10"]
[Round "2"]
[White "Shirov, Alexei"]
[Black "Gelfand, Boris"]
[Result "1/2-1/2"]
[WhiteElo "2685"]
[BlackElo "2665"]
[Annotator "Gelfand,B"]
[PlyCount "106"]
[EventDate "1996.08.09"]
[EventType "tourn"]
[EventRounds "9"]
[EventCountry "AUT"]
[EventCategory "18"]
[SourceTitle "CBM 055"]
[Source "ChessBase"]
[SourceDate "1996.12.01"]
[SourceVersion "1"]
[SourceVersionDate "1996.12.01"]
[SourceQuality "1"]

1. e4 c5 2. Nf3 d6 3. d4 cxd4 4. Nxd4 Nf6 5. Nc3 a6 6. Be3 {So after having
played 6.Be2 in Dos Hermanas, Alexei returned to the system he usually plays
against me} e5 7. Nb3 Be6 8. f3 Nbd7 9. Qd2 b5 10. a4 {This year in Madrid he
prefered to play g4.} b4 11. Nd5 Bxd5 12. exd5 Nb6 13. Bxb6 Qxb6 14. a5 Qb7 15.
Bc4 Be7 16. Ra4 Rb8 17. Nc1 {Sometimes White are repeating moves by} (17. Qd3
Ra8 18. Qd2 Rb8) 17... Bd8 18. Nd3 Bxa5 $1 {N this is an important improvement
of the Tiviakov-De Firmian game ( Polgnica Zdroj. Which followed as} (18...
Nxd5 19. Nxe5 dxe5 20. Qxd5 Qxd5 21. Bxd5 O-O 22. Ke2 $14) 19. Rxa5 Qc7 20.
Rxa6 (20. Ra4 Qxc4 21. Nxb4 {is another possibility}) 20... Qxc4 21. Rxd6 O-O
22. O-O {dangerous is} (22. b3 Qc7 (22... Qd4 23. Nf2 Qc5 24. Rxf6 gxf6 25. Ne4
) 23. Rc6 Qa7 $40) 22... Nxd5 (22... e4 $6 23. Nf2 exf3 24. gxf3 Qc5 25. Rxf6
gxf6 26. Kh1 $1 $16) 23. Re1 (23. b3 Qb5 (23... Qd4+ 24. Qf2 Rfd8 25. Qxd4 exd4
26. Rxd8+ Rxd8 $10)) 23... f6 24. Re4 Qb5 25. h3 {White are a bit more active
and they are trying to put their king in a safe place. Black have to react
immediately.} (25. f4 Nxf4 (25... exf4 26. Rd4) 26. Nxf4 exf4 $10) (25. Nf2 Ne7
(25... Rfd8 $2 26. Rxb4 $18)) 25... Rb6 $5 (25... Rfd8 26. Rxd8+ Rxd8 27. Kh2 (
27. Nxb4 $2 f5) 27... Qb6 {-game} (27... Rb8 28. b3 $14) (27... Nf4 28. Rxb4
Qd5 29. Rb3 $14)) 26. Rxb6 Qxb6+ 27. Kh2 Rd8 28. Nxb4 Nf4 $1 {It is extremely
dangerous to win an exchange. Black are sacrificing a pawn and getting full
compensation.} (28... f5 29. Nxd5 fxe4 30. fxe4 Qd4 31. Qg5 Rf8 32. Ne7+ Kh8
33. Nf5 Qd7 34. Qg3 $14 {and White are playing for a win without any risks})
29. Qe1 Qd6 {I could improve my position by} (29... h5 $5 30. h4 (30. g3 $4 Rd1
) 30... Qd6) 30. Nd3 Nxd3 31. cxd3 Qxd3 $2 {Big mistake. Black could easely
achieve a draw by} (31... h6 $10) 32. f4 Re8 (32... Qd2 33. fxe5 Qxb2 34. e6)
33. fxe5 fxe5 34. b4 $14 {white chances are clearly better here because of the
passed pawn and now have a good plan to weaken Black's king.} h6 35. Qh4 (35.
Qe2 $5) 35... Qd6 36. Qg3 Qd5 37. Qg6 Re7 {This isn't a very accurate move
that I did being short of time. More precise was} (37... Qe6 $5) (37... Rb8
$142) 38. Qf5 Qc6 39. h4 h5 {this weakens Black 's King, but otherewise Black
King can be threatened through the 8th rank} (39... Qd5) 40. Qf3 g6 41. Qe2 Qd6
42. b5 Kh7 43. Qc4 Re6 44. Qb4 Qb8 45. Qc5 Rb6 46. Qe7+ {Alexei is chosing a
forced line which doesn't lead to a win. I was more afraid of} (46. Ra4 $5 e4+
(46... Rxb5 47. Qe7+ Kh6 48. Ra7 e4+ 49. g3 Rb2+ 50. Kh3 Qc8+ 51. Rd7 Qxd7+ 52.
Qxd7 Rf2 53. Qe7 Rf5 54. Qxe4 Kg7 55. g4 hxg4+ 56. Kg3 Kh7 57. Qe7+ Kg8 58.
Kxg4 Kh8 59. h5 Rxh5 60. Qf8+ $18 {- theoretically won ending} (60. Qf7 $2 Rg5+
$10)) 47. g3 Qb7 48. Ra5 $16) 46... Kh6 47. Rc4 Rb7 48. Qg5+ Kh7 49. Rc6 e4+
50. Kg1 Qe8 51. Qf6 Qf7 $1 {This is a key move of Black's defence. Normally
this type of rook ending is won for White, but maybe my opponent forgot that
there are a few exceptions.} 52. Qxf7+ $6 (52. b6 {would give more problems to
Black, but they can hold by} Qxf6 53. Rxf6 Rd7 54. Re6 Rd4 55. Kf2 (55. b7 Rb4
56. Re7+ Kh6 57. Kf2 Rb3 58. Ke2 g5 $10) 55... Rb4 56. Ke3 Kg7 $10) 52... Rxf7
53. Rc3 Rf5 (53... Rf5 54. Rb3 e3 55. b6 e2 56. Rb1 Rb5 57. Re1 $10) 1/2-1/2